| 000 | 00737nac a22002051u 4500 | ||
|---|---|---|---|
| 020 | _a9780324645194 (international student ed.) | ||
| 082 |
_a330 _bLIE |
||
| 090 |
_c8865 _d8865 |
||
| 100 | _aLieberman, Marc | ||
| 245 |
_aPrinciples and applications of economics/ _cMarc Lieberman and Robert E. Hall |
||
| 260 |
_aMason, Ohio : _bThomson/South-Western,2008 _c2008 |
||
| 300 |
_a1 v.:: _bcol. ill.; _c25 cm. |
||
| 500 | _adistributer: Baccah | ||
| 500 | _aIncludes index | ||
| 511 | _acatalogued by: wessam | ||
| 650 | _aEconomics | ||
| 700 | _aHall, Robert E. | ||
| 942 |
_cBB _k330LIE |
||
| 999 |
_c8865 _d8865 |
||